000 00660nam a2200229Ia 4500
003 OSt
005 20220925190809.0
006 a|||||r|||| 00| 0
007 ta
008 220923b |||||||| |||| 00| 0 eng d
020 _a0253209501
037 _cGeneral Book
040 _aRTL
_cRTL
_beng
041 _2eng
_aeng
082 _aY:3(S56), P5
100 _aJackson Earl
_9239832
245 0 _aStrategies of deviance
_b Studies in gay male representation
260 _aBloomington
_bIndiana University Press
_c1995
300 _axiii, 323p
_ccm.
942 _hY:3(S56), P5
_cGB
_2CC
999 _c516022
_d516022